000 00959cam a2200301 a 4500
001 4479359
003 ARRUPE
005 20131022171559.0
008 921117s1992 kyu b 001 0 eng
010 _a91037586
020 _a0664251544 (acidfree paper)
035 _a(OCoLC)24626368
035 _a(OCoLC)ocm24626368
035 _a(NNC)4479359
040 _aDLC
_cDLC
_dDLC
_dNNUT
050 0 0 _aBS2361.2
_b.B25 1992
090 _aBS2361.2
_b.B25 1992
100 1 _aBailey, James L.,
_d1938-
_92644
245 1 0 _aLiterary forms in the New Testament :
_ba handbook /
_cJames L. Bailey and Lyle D. Vander Broek.
250 _a1st ed.
260 _aLouisville, Ky. :
_bWestminster/John Knox Press,
_cc1992.
300 _a219 p. ;
_c23 cm.
504 _aIncludes bibliographical references and index.
630 0 0 _aBible.
_pNew Testament
_xLanguage, style.
_92645
700 1 _aVander Broek, Lyle D.
_92646
942 _2lcc
_cMONOGRAPH
999 _c118378
_d118378